Informació estadística del Departament de Treball /
ISBN:
1130-4553
Publicado:
Barcelona :
Departament de Treball, Secretaria General, Gabinet Tècnic, Direcció General d'Ocupació ,
1990
Descripción Física:
30 cm. ; Taules, gràf. ; periodicitat: mensual
MARC
| LEADER | 00000nas a2200000 a 4500 | ||
|---|---|---|---|
| 001 | 28095, 28096, 28097, 28098, 28099, 28100, 28101 | ||
| 003 | AGDB | ||
| 005 | 20260324181508.0 | ||
| 008 | 160829s9999 xx 000 0 cat d | ||
| 017 | |a B 30476-1990 | ||
| 020 | |a 1130-4553 | ||
| 040 | |a agdb |b cat | ||
| 080 | |a Revistes | ||
| 245 | |a Informació estadística del Departament de Treball / |c Generalitat de Catalunya. Departament de Treball | ||
| 247 | |a Full mensual d'ocupació | ||
| 260 | |a Barcelona : |b Departament de Treball, Secretaria General, Gabinet Tècnic, Direcció General d'Ocupació ; |c [1990] - | ||
| 300 | |c 30 cm. ; |b Taules, gràf. ; periodicitat: mensual | ||
| 310 | |a Mensual | ||
| 362 | |a 1 (març 1990)-148 (octubre 2002) | ||
| 500 | |a Descripció basada en: Núm. 43 (gener 1994). | ||
| 500 | |a Absorbeix el 1994: Full mensual d'ocupació, ISSN 0213-5051. | ||
| 650 | |a Dret del treball |x Catalunya |x Estadístiques |x Revistes |9 33545 | ||
| 650 | |a Mercat de treball |x Catalunya |x Estadístiques |x Revistes |9 33546 | ||
| 655 | 0 | |9 55823 |a Revistes | |
| 710 | 1 | |a Catalunya. |b Departament de Treball |9 69848 | |
| 780 | 0 | 0 | |t Full mensual d'ocupació |
| 866 | |a 1994 (43, 44, 47, 48, 49, 50, 52, 54) | ||
| 866 | |a 1995 (55-66) | ||
| 866 | |a 1996 (67-78) | ||
| 866 | |a 1997 (79-90) | ||
| 866 | |a 1998 (91-102) | ||
| 866 | |a 1999 (103-114) | ||
| 866 | |a 2000 (115-118) | ||
| 901 | |a Arxiu | ||
| 942 | |n 1 |2 udc |c REV | ||
| 952 | |0 0 |1 0 |4 0 |6 REV2217 |7 1 |9 46309 |a Arxiu |b Arxiu |d 2016-12-01 |h Núm. 43 (gener 1994) - Núm. 44 (febrer 1994) ; Núm. 47 (maig 1994) - Núm. 50 (agost 1994) ; Núm. 52 (octubre 1994) - Núm. 54 (desembre 1994) |o Rev-2217 |p 28095 |r 2016-12-01 00:00:00 |w 2016-12-01 |y ARXIU | ||
| 952 | |0 0 |1 0 |4 0 |6 REV2218 |7 1 |9 96020 |a Arxiu |b Arxiu |d 2023-07-31 |h Núm. 55 (gener 1995) - Núm. 66 (desembre 1995) |o Rev-2218 |p 28096 |r 2023-07-31 00:00:00 |w 2023-07-31 |y ARXIU | ||
| 952 | |0 0 |1 0 |4 0 |6 REV2219 |7 1 |9 96021 |a Arxiu |b Arxiu |d 2023-07-31 |h Núm. 67 (gener 1996) - Núm. 78 (desembre 1996) |l 0 |o Rev-2219 |p 28097 |r 2023-07-31 00:00:00 |w 2023-07-31 |y ARXIU | ||
| 952 | |0 0 |1 0 |4 0 |6 REV2220 |7 1 |9 96023 |a Arxiu |b Arxiu |d 2023-07-31 |h Núm. 79 (gener 1997) - Núm. 90 (desembre 1997) |l 0 |o Rev-2220 |p 28098 |r 2023-07-31 00:00:00 |w 2023-07-31 |y ARXIU | ||
| 952 | |0 0 |1 0 |4 0 |6 REV2221 |7 1 |9 96024 |a Arxiu |b Arxiu |d 2023-07-31 |h Núm. 91 (gener 1998) - Núm. 102 (desembre 1998) |l 0 |o Rev-2221 |p 28099 |r 2023-07-31 00:00:00 |w 2023-07-31 |y ARXIU | ||
| 952 | |0 0 |1 0 |4 0 |6 REV2222 |7 1 |9 96026 |a Arxiu |b Arxiu |d 2023-07-31 |h Núm. 103 (gener 1999) - Núm. 114 (desembre 1999) |l 0 |o Rev-2222 |p 28100 |r 2023-07-31 00:00:00 |w 2023-07-31 |y ARXIU | ||
| 952 | |0 0 |1 0 |4 0 |6 REV2223 |7 1 |9 96027 |a Arxiu |b Arxiu |d 2023-07-31 |h Núm. 115 (gener 2000) - Núm. 118 (abril 2000) |l 0 |o Rev-2223 |p 28101 |r 2023-07-31 00:00:00 |w 2023-07-31 |y ARXIU | ||
| 999 | |c 49863 |d 49863 | ||